Catálogo

Vista normal Vista MARC

Entrada Personal Name

Número de registros utilizados en: 1

001 - CONTROL NUMBER

  • control field: 15734

003 - CONTROL NUMBER IDENTIFIER

  • control field: DLC

005 - DATE AND TIME OF LATEST TRANSACTION

  • control field: 20240529090103.0

008 - FIXED-LENGTH DATA ELEMENTS

  • fixed length control field: 820126n| azannaabn |a aaa

010 ## - LIBRARY OF CONGRESS CONTROL NUMBER

  • LC control number: n 81126079

035 ## - SYSTEM CONTROL NUMBER

  • System control number: (OCoLC)oca00670992

040 ## - CATALOGING SOURCE

  • Original cataloging agency: DLC
  • Language of cataloging: spa
  • Description conventions: rda
  • Transcribing agency: Mx-PuUPA
  • Modifying agency: DLC
  • Modifying agency: UkOxU
  • Modifying agency: IEN
  • Modifying agency: ViFGM
  • Modifying agency: Mx-PuUPA

046 ## - SPECIAL CODED DATES

  • Birth date: 19440208

100 1# - HEADING--PERSONAL NAME

  • Personal name: Eysenck, Michael W.,
  • Dates associated with a name: 1944-

370 ## - ASSOCIATED PLACE

  • Other associated place: Londres (Inglaterra)

372 ## - FIELD OF ACTIVITY

  • Field of activity: Psicología
  • Source of term: lcsh

373 ## - ASSOCIATED GROUP

  • Associated group: Universidad de londres. Royal Holloway
  • Source of term: naf

373 ## - ASSOCIATED GROUP

  • Associated group: Universidad de Roehampton
  • Source of term: naf

374 ## - OCCUPATION

  • Occupation: Psicólogo
  • Occupation: Profesor universitario
  • Occupation: Autor
  • Source of term: lcsh

375 ## - GENDER

  • Gender: hombre

377 ## - ASSOCIATED LANGUAGE

  • Language code: eng

378 ## - FULLER FORM OF PERSONAL NAME

  • Fuller form of personal name: Michael William

400 1# - SEE FROM TRACING--PERSONAL NAME

  • Personal name: Eysenck, Michael,
  • Dates associated with a name: 1944-

670 ## - SOURCE DATA FOUND

  • Source citation: His Human memory, 1977:
  • Information found: title page (Michael W. Eysenck)

670 ## - SOURCE DATA FOUND

  • Source citation: His Attention and arousal, cognition and performance, 1982:
  • Information found: t.p. (Michael Eysenck) CIP data sheet (b. 2/8/44)

670 ## - SOURCE DATA FOUND

  • Source citation: Information from 678 field, converted Oct. 3, 2014
  • Information found: (Dept. of Psych., Birkbeck College, Univ. of London; Eysenck, Michael William)

670 ## - SOURCE DATA FOUND

  • Source citation: Wikipedia, August 22, 2014
  • Information found: (Michael William Eysenck, (born 8 February 1944) is a British academic psychologist, and is an emeritus professor in psychology at Royal Holloway, University of London. His research focuses on cognitive factors affecting anxiety. He is the son of the noted psychologist Hans Jürgen Eysenck)

670 ## - SOURCE DATA FOUND

  • Source citation: Cognitive psychology, 2015:
  • Information found: title page (Michael W. Eysenck) page vii (Professorial Fellow, Roehampton University; Emeritus Professor and Honorary Fellow, Royal Holloway University of London)